[Event "New Zealand Open"]
[Site "Devonport, Auckland NZL"]
[Date "2016.01.05"]
[EventDate "2016.01.02"]
[Round "4.8"]
[Result "0-1"]
[White "Tim Reilly"]
[Black "Russell John Dive"]
[WhiteElo "2203"]
[BlackElo "2311"]
[PlyCount "86"]

1. d4 Nf6 2. c4 e6 3. Nc3 Bb4 4. e3 b6 5. Nge2 Ba6 6. Ng3 h5
7. h4 Bb7 8. Bd2 Bd6 9. Rh3 Be7 10. e4 d6 11. Be2 g6 12. Bg5
Nfd7 13. Qd2 e5 14. d5 Bxg5 15. hxg5 Nf8 16. O-O-O Rg8 17. Nf1
Nh7 18. g3 Nxg5 19. Rh2 Nd7 20. f4 Nh7 21. f5 Nhf6 22. fxg6
fxg6 23. Ne3 Qe7 24. Qc2 O-O-O 25. b4 Kb8 26. Qa4 Nh7 27. Rd3
Rdf8 28. Ncd1 Ng5 29. Ra3 a5 30. c5 dxc5 31. bxa5 c4 32. axb6
Nxb6 33. Qa7+ Kc8 34. Nxc4 Qc5 35. Rc3 Nd7 36. Qa4 Nxe4
37. Rc2 Qd4 38. Rb2 Nec5 39. Qa5 Qxd5 40. Nde3 Qc6 41. Rc2 Qe4
42. Bf1 Qd4 43. Rc3 Ne4 0-1

[Event "New Zealand Open"]
[Site "Devonport, Auckland NZL"]
[Date "2016.01.05"]
[EventDate "2016.01.02"]
[Round "4.9"]
[Result "1-0"]
[White "Nino Maisuradze"]
[Black "Tony Dowden"]
[WhiteElo "2288"]
[BlackElo "2088"]
[PlyCount "71"]

1. d4 f5 2. Nc3 d5 3. Bf4 c6 4. e3 Nf6 5. Bd3 e6 6. Nf3 Be7
7. O-O O-O 8. Ne2 Nbd7 9. h3 a5 10. c4 dxc4 11. Bxc4 Nb6
12. Bd3 Nfd5 13. Bh2 Nb4 14. Bb1 a4 15. a3 N4d5 16. Qc2 Bf6
17. Ne5 g6 18. Nc1 Nd7 19. Rd1 Qe7 20. Ncd3 Nxe5 21. Bxe5 Bd7
22. Ba2 Rfc8 23. Nc5 Bxe5 24. dxe5 b6 25. Nxa4 c5 26. Nc3 Nb4
27. axb4 cxb4 28. Rd6 bxc3 29. bxc3 Ra5 30. Rad1 Rc7 31. Qd2
Bc8 32. Bxe6+ Bxe6 33. Rxe6 Qxe6 34. Qd8+ Kg7 35. Qxc7+ Kh6
36. Rd7 1-0

[Event "New Zealand Open"]
[Site "Devonport, Auckland NZL"]
[Date "2016.01.05"]
[EventDate "2016.01.02"]
[Round "4.10"]
[Result "1/2-1/2"]
[White "Shenyue Li"]
[Black "Ben Hague"]
[WhiteElo "2007"]
[BlackElo "2287"]
[PlyCount "64"]

1. f4 d5 2. Nf3 Bg4 3. e3 Nd7 4. h3 Bxf3 5. Qxf3 e5 6. Nc3 c6
7. b3 Ngf6 8. g4 Ne4 9. Nxe4 dxe4 10. Qxe4 Qh4+ 11. Ke2 O-O-O
12. b4 exf4 13. Qxf4 h5 14. b5 Rh6 15. g5 Qxf4 16. exf4 Re6+
17. Kf3 cxb5 18. Bxb5 Rb6 19. Bc4 f6 20. h4 Bc5 21. c3 fxg5
22. hxg5 Rf8 23. Kg3 Bf2+ 24. Kf3 Ne5+ 25. Kxf2 Rxf4+ 26. Kg3
Rxc4 27. Rxh5 Rd6 28. Rb1 Rd3+ 29. Kf2 Re4 30. Rh8+ Kc7
31. Rf8 Ng4+ 32. Kf1 Ne5 1/2-1/2

[Event "New Zealand Open"]
[Site "Devonport, Auckland NZL"]
[Date "2016.01.05"]
[EventDate "2016.01.02"]
[Round "4.11"]
[Result "1-0"]
[White "Anthony F Ker"]
[Black "Hilton P Bennett"]
[WhiteElo "2283"]
[BlackElo "1958"]
[PlyCount "73"]

1. e4 d5 2. exd5 Nf6 3. Nf3 Nxd5 4. d4 g6 5. c4 Nb6 6. Nc3 Bg7
7. Be3 O-O 8. h3 Nc6 9. Be2 e5 10. d5 Ne7 11. O-O h6 12. Qd2
Nf5 13. Bc5 Re8 14. Ne4 Nh4 15. Rac1 Nxf3+ 16. Bxf3 f5 17. Ng3
e4 18. Be2 Qf6 19. Be3 Kh7 20. Rfd1 Na4 21. Qa5 f4 22. Bd4 Qf7
23. Bxg7 fxg3 24. fxg3 Qxg7 25. Qxa4 Bd7 26. Qb3 Qe5 27. Qc3
Qg5 28. Rf1 Rf8 29. h4 Qe7 30. c5 Rad8 31. Rcd1 Bc8 32. Rxf8
Rxf8 33. d6 cxd6 34. cxd6 Qd7 35. Qd4 a6 36. Rc1 Qf5 37. Rf1
1-0

[Event "New Zealand Open"]
[Site "Devonport, Auckland NZL"]
[Date "2016.01.05"]
[EventDate "2016.01.02"]
[Round "4.12"]
[Result "0-1"]
[White "Sean Watharow"]
[Black "Paul Anthony Garbett"]
[WhiteElo "1913"]
[BlackElo "2250"]
[PlyCount "80"]

1. e4 c5 2. c3 Nf6 3. e5 Nd5 4. Bc4 Nb6 5. Bb3 c4 6. Bc2 Nc6
7. Nf3 d6 8. exd6 Qxd6 9. O-O Bg4 10. Na3 Qd5 11. d4 cxd3
12. Bb3 Bxf3 13. Bxd5 Bxd1 14. Bxc6+ bxc6 15. Rxd1 O-O-O
16. Be3 f6 17. Rd2 e5 18. f3 Bxa3 19. Bxb6 axb6 20. bxa3 Rd5
21. Rb1 Kc7 22. Rb4 Rhd8 23. Kf2 Ra8 24. Rb3 Rda5 25. Ke3 Rxa3
26. Rxa3 Rxa3 27. Kxd3 b5 28. Rb2 Kd6 29. h4 h5 30. g4 hxg4
31. fxg4 Kd5 32. Rd2 e4+ 33. Kc2+ Ke6 34. Kb2 Ra7 35. Rd4 Ke5
36. Rd8 Kf4 37. Rd4 Kf3 38. g5 fxg5 39. hxg5 e3 40. Rd3 Kf2
0-1

[Event "New Zealand Open"]
[Site "Devonport, Auckland NZL"]
[Date "2016.01.05"]
[EventDate "2016.01.02"]
[Round "4.13"]
[Result "0-1"]
[White "William Xiang Wei Li"]
[Black "Matthew Drummond"]
[WhiteElo "2030"]
[BlackElo "2255"]
[PlyCount "52"]

1. d4 Nf6 2. Bg5 c5 3. d5 e5 4. Nc3 d6 5. e4 Be7 6. Bb5+ Nbd7
7. a4 O-O 8. Nf3 a6 9. Be2 Re8 10. O-O Nf8 11. Bxf6 Bxf6
12. Nd2 Rb8 13. Bg4 b5 14. Bxc8 Qxc8 15. axb5 axb5 16. b3 Ng6
17. Ra5 Qd7 18. Qa1 Bg5 19. Nf3 Bd8 20. Ra7 Rb7 21. Ra6 Bb6
22. Nd2 c4 23. bxc4 Nf4 24. h3 Bd4 25. Qa5 Bxc3 26. Qa3 b4 0-1

[Event "New Zealand Open"]
[Site "Devonport, Auckland NZL"]
[Date "2016.01.05"]
[EventDate "2016.01.02"]
[Round "4.14"]
[Result "1-0"]
[White "Mark Fredrick Noble"]
[Black "Karl Kai Zhu"]
[WhiteElo "2241"]
[BlackElo "1996"]
[PlyCount "107"]

1. d4 Nf6 2. Nc3 d5 3. g3 g6 4. Bg2 Bg7 5. Nf3 c6 6. Ne5 Bf5
7. f3 Nbd7 8. e4 Be6 9. Bf4 Nh5 10. Qd3 Nxe5 11. Bxe5 Bxe5
12. dxe5 d4 13. Ne2 Qa5+ 14. c3 dxc3 15. Qxc3 Qxc3+ 16. Nxc3
O-O-O 17. b3 Rd3 18. Rc1 Rhd8 19. Rc2 g5 20. Bf1 R3d4 21. Be2
Ng7 22. Kf2 a5 23. Ke3 f5 24. exf6 exf6 25. Rhc1 f5 26. Nb5
Rb4 27. Rc5 a4 28. bxa4 Rxa4 29. Nc3 Ra3 30. Bd3 b6 31. Rxc6+
Kb7 32. Rc7+ Kxc7 33. Nb5+ Kb8 34. Nxa3 f4+ 35. gxf4 gxf4+
36. Ke2 Bxa2 37. Rc6 Kb7 38. Rf6 Ne6 39. Rf7+ Kc6 40. Rxh7
Nd4+ 41. Kf2 Nxf3 42. Bb5+ Kc5 43. Kxf3 Ra8 44. Rh5+ Kb4
45. Nc2+ Kc3 46. Ne1 Ra5 47. Kxf4 Bc4 48. Rh3+ Kb4 49. Bxc4
Kxc4 50. Nf3 b5 51. Nd2+ Kb4 52. e5 Ra3 53. Rxa3 Kxa3 54. e6
1-0

[Event "New Zealand Open"]
[Site "Devonport, Auckland NZL"]
[Date "2016.01.05"]
[EventDate "2016.01.02"]
[Round "4.15"]
[Result "0-1"]
[White "David Cilia Vincenti"]
[Black "Leonard J McLaren"]
[WhiteElo "2061"]
[BlackElo "2236"]
[PlyCount "74"]

1. d4 Nf6 2. c4 e6 3. Nc3 Bb4 4. e3 O-O 5. Nge2 d5 6. a3 Be7
7. cxd5 exd5 8. Nf4 c6 9. Bd3 a5 10. O-O Bd6 11. f3 Re8
12. Bd2 Bxf4 13. exf4 Qb6 14. Ne2 Qxb2 15. f5 Nbd7 16. Bf4 Qb6
17. Rb1 Qa7 18. Kh1 b6 19. Qd2 Ba6 20. Rfc1 Bxd3 21. Qxd3 Qa6
22. Qxa6 Rxa6 23. Rb2 c5 24. Nc3 cxd4 25. Nb5 Rd8 26. Bc7 Rc8
27. Nxd4 Ne5 28. Rbc2 Nc4 29. Nb5 Raa8 30. g4 h6 31. Bg3 a4
32. Nc7 Nxa3 33. Rc3 Nc4 34. Nxa8 Rxa8 35. R3c2 b5 36. Be1 d4
37. Bb4 Nd5 0-1

[Event "New Zealand Open"]
[Site "Devonport, Auckland NZL"]
[Date "2016.01.05"]
[EventDate "2016.01.02"]
[Round "4.16"]
[Result "1-0"]
[White "Nathan Goodhue"]
[Black "Gino Thornton"]
[WhiteElo "1990"]
[BlackElo "2207"]
[PlyCount "127"]

1. e4 e6 2. d4 c5 3. d5 Nf6 4. Nc3 a6 5. a4 d6 6. Be3 g6 7. f3
exd5 8. Nxd5 Nxd5 9. Qxd5 Nc6 10. Qd2 Bg7 11. Rb1 Be6 12. b3
O-O 13. c4 b5 14. cxb5 axb5 15. Bxb5 Nd4 16. Bxd4 Bxd4 17. Ne2
Bg7 18. O-O Qb6 19. Kh1 Rfd8 20. Rfd1 d5 21. Qc2 dxe4 22. fxe4
Be5 23. Bc4 Bxc4 24. Qxc4 Rxd1+ 25. Rxd1 Rb8 26. g3 Qxb3
27. Qxb3 Rxb3 28. Rd5 Bd4 29. Nxd4 cxd4 30. Rxd4 Ra3 31. Kg2
Ra2+ 32. Kh3 Kg7 33. e5 g5 34. Kg4 h6 35. h4 gxh4 36. gxh4 Re2
37. Kf5 Rf2+ 38. Ke4 Re2+ 39. Kd5 Kg6 40. Rf4 Re1 41. h5+ Kg7
42. Rg4+ Kf8 43. Re4 Rc1 44. e6 fxe6+ 45. Kxe6 Kg7 46. Rg4+
Kh7 47. Rb4 Kg8 48. Rb5 Ra1 49. a5 Kg7 50. Kd6 Rf1 51. Rc5 Kf7
52. Kc6 Ke7 53. a6 Ra1 54. Kb6 Kd7 55. Rc7+ Kd8 56. Rh7 Rb1+
57. Ka7 Kc8 58. Rxh6 Kc7 59. Rg6 Rh1 60. h6 Rh2 61. Rg7+ Kc6
62. h7 Rh3 63. Rb7 Rh4 64. Kb8 1-0

[Event "New Zealand Open"]
[Site "Devonport, Auckland NZL"]
[Date "2016.01.05"]
[EventDate "2016.01.02"]
[Round "4.17"]
[Result "1-0"]
[White "Reyk Schaefer"]
[Black "Kim Yew Chan"]
[WhiteElo "2134"]
[BlackElo "2019"]
[PlyCount "93"]

1. d4 Nf6 2. c4 g6 3. Nc3 Bg7 4. Nf3 O-O 5. g3 d6 6. Bg2 Nc6
7. O-O a6 8. b3 Rb8 9. Nd5 Bg4 10. Bb2 b5 11. Nxf6+ Bxf6
12. Rc1 Na5 13. cxb5 axb5 14. Qd2 c6 15. h3 Bxf3 16. Bxf3 d5
17. Bc3 Ra8 18. Bb4 Qb6 19. e3 Rfc8 20. Rc2 e6 21. Rfc1 Ra6
22. Kg2 Nb7 23. h4 h5 24. Be2 Raa8 25. Bd3 e5 26. dxe5 Bxe5
27. Be2 Rc7 28. Bf3 Rd8 29. Bc3 Bxc3 30. Rxc3 b4 31. R3c2 Rd6
32. Qd4 c5 33. Qe5 Rcd7 34. Kh2 Re6 35. Qg5 Rf6 36. Qe5 Kh7
37. Kg2 Rf5 38. Qb2 Rd6 39. Rd1 Qd8 40. Rcd2 Kg8 41. e4 Rxf3
42. Kxf3 Qf6+ 43. Qxf6 Rxf6+ 44. Ke3 d4+ 45. Kd3 Nd6 46. e5
Rf3+ 47. Ke2 1-0

[Event "New Zealand Open"]
[Site "Devonport, Auckland NZL"]
[Date "2016.01.05"]
[EventDate "2016.01.02"]
[Round "4.18"]
[Result "1-0"]
[White "Layla Timergazi"]
[Black "Eric Moskow"]
[WhiteElo "1915"]
[BlackElo "2127"]
[PlyCount "115"]

1. d4 Nf6 2. c4 e6 3. Nc3 Bb4 4. e3 O-O 5. Nge2 d5 6. a3 Be7
7. Nf4 c6 8. Bd3 dxc4 9. Bxc4 b5 10. Bd3 a6 11. O-O c5
12. dxc5 Bxc5 13. Ne4 Nxe4 14. Bxe4 Qxd1 15. Rxd1 Ra7 16. b4
Be7 17. Bb2 Rd7 18. Rac1 Rxd1+ 19. Rxd1 Nd7 20. Rc1 Nb6
21. Bd3 Bd7 22. Bd4 Rc8 23. Rd1 Nc4 24. Bxc4 bxc4 25. Bc3 Ba4
26. Rc1 Bd6 27. Ne2 f6 28. Nd4 Kf7 29. Kf1 g6 30. Ke2 e5
31. Nf3 Ke6 32. Nd2 f5 33. e4 Bb8 34. f3 f4 35. g3 g5 36. gxf4
exf4 37. Rg1 h6 38. h4 Be5 39. Nb1 Bc2 40. Bxe5 Bxb1 41. Bg7
Bd3+ 42. Kf2 c3 43. Bxh6 c2 44. Rc1 gxh4 45. Bxf4 Bb5 46. Bd2
Ba4 47. f4 Rd8 48. Ke3 Rg8 49. f5+ Kd7 50. Rh1 Rg3+ 51. Kf2
Rd3 52. Bf4 Rd1 53. Rxh4 c1=Q 54. Bxc1 Rxc1 55. e5 Rc3
56. Rh7+ Ke8 57. f6 Bb3 58. e6 1-0

[Event "New Zealand Open"]
[Site "Devonport, Auckland NZL"]
[Date "2016.01.05"]
[EventDate "2016.01.02"]
[Round "4.19"]
[Result "1-0"]
[White "Leo Zhang"]
[Black "William F Forster"]
[WhiteElo "2087"]
[BlackElo "1975"]
[PlyCount "79"]

1. d4 c5 2. d5 e5 3. c4 Nf6 4. Nc3 d6 5. e4 Be7 6. h3 Nbd7
7. Nf3 O-O 8. Be2 Ne8 9. Qc2 g6 10. g4 Ng7 11. Rg1 a6 12. Be3
Rb8 13. Rg2 Nf6 14. O-O-O Qa5 15. a4 Bd7 16. Nd2 b5 17. cxb5
axb5 18. Bxb5 Rfd8 19. Nc4 Qa8 20. f4 Bxb5 21. Nxb5 exf4
22. Bxf4 Nge8 23. Kd2 Rd7 24. Ke1 Nxe4 25. Qxe4 Bh4+ 26. Kf1
Qxa4 27. Nc3 Re7 28. Qd3 Qb4 29. Bg3 Bg5 30. Re2 Rbb7 31. Rde1
Rxe2 32. Rxe2 Nf6 33. h4 Bc1 34. g5 Ng4 35. Nxd6 Ra7 36. Nc4
Ra1 37. Kg2 Qb7 38. Qf3 h5 39. gxh6 Nxh6 40. Re8+ 1-0

[Event "New Zealand Open"]
[Site "Devonport, Auckland NZL"]
[Date "2016.01.05"]
[EventDate "2016.01.02"]
[Round "4.20"]
[Result "0-1"]
[White "Jack James"]
[Black "Matthew McNabb"]
[WhiteElo "1935"]
[BlackElo "2083"]
[PlyCount "66"]

1. e4 c5 2. Nc3 d6 3. f4 Nc6 4. Nf3 g6 5. Bc4 Bg7 6. O-O Nf6
7. d3 O-O 8. Qe1 e6 9. f5 d5 10. Bb3 c4 11. e5 cxb3 12. exf6
Bxf6 13. Bh6 Bg7 14. Bxg7 Kxg7 15. fxg6 hxg6 16. axb3 Bd7
17. Ra4 f6 18. Rh4 Rh8 19. Rg4 Qc7 20. d4 Raf8 21. Qe3 Ne7
22. Rf4 Nf5 23. Qd2 Bc6 24. Rg4 Qd6 25. Re1 Re8 26. Qe2 Bd7
27. Qf2 e5 28. dxe5 fxe5 29. Qxa7 e4 30. Qxb7 exf3 31. Rxe8
Rxe8 32. Qxd5 Qb6+ 33. Rd4 Qxd4+ 0-1

[Event "New Zealand Open"]
[Site "Devonport, Auckland NZL"]
[Date "2016.01.05"]
[EventDate "2016.01.02"]
[Round "4.21"]
[Result "1-0"]
[White "Robert Wayne Smith"]
[Black "Paul Macdonald"]
[WhiteElo "2208"]
[BlackElo "1946"]
[PlyCount "47"]

1. e4 d6 2. d4 Nf6 3. Nc3 g6 4. Nf3 Bg7 5. h3 O-O 6. Be3 a6
7. a4 Nc6 8. Be2 e5 9. d5 Ne7 10. Qd2 Bd7 11. a5 Qb8 12. O-O
c6 13. dxc6 Bxc6 14. Bg5 d5 15. Bxf6 Bxf6 16. exd5 Rd8 17. Ne4
Nxd5 18. c4 Nf4 19. Nxf6+ Kg7 20. Nd5 Bxd5 21. cxd5 Rxd5
22. Qe3 Qc7 23. Rfc1 Qe7 24. Bc4 1-0

[Event "New Zealand Open"]
[Site "Devonport, Auckland NZL"]
[Date "2016.01.05"]
[EventDate "2016.01.02"]
[Round "4.22"]
[Result "0-1"]
[White "John Duneas"]
[Black "Helen Milligan"]
[WhiteElo "2110"]
[BlackElo "1957"]
[PlyCount "138"]

1. d4 Nf6 2. c4 g6 3. Nc3 Bg7 4. e4 d6 5. Be2 O-O 6. Be3 Na6
7. g4 c5 8. d5 e6 9. g5 Ne8 10. Qd2 Bd7 11. h4 Qa5 12. Bd3 Nb4
13. Bb1 b5 14. dxe6 fxe6 15. cxb5 Bxb5 16. Nge2 Bxe2 17. Qxe2
Nc6 18. Qc4 Nd4 19. Kf1 Nc7 20. a3 Rab8 21. b4 Qa6 22. Qxa6
Nxa6 23. Bd3 cxb4 24. Nd1 Nc5 25. Bc4 Nxe4 26. Kg2 d5 27. Bd3
Nc2 28. Bxc2 Bxa1 29. Bxe4 dxe4 30. axb4 Rfd8 31. Bxa7 Rxb4
32. Ne3 Bd4 33. Nc2 Bxa7 34. Nxb4 Rd2 35. Kh3 Rxf2 36. Nc6 Bc5
37. Nd8 e5 38. Nc6 Bd4 39. Rd1 Rf3+ 40. Kg2 Rd3 41. Rf1 Rd2+
42. Kg3 e3 43. Re1 Kf7 44. Kf3 Ke6 45. Ke4 Kd6 46. Na5 Rh2
47. Nc4+ Ke6 48. Kf3 Rxh4 49. Re2 Rf4+ 50. Kg3 Kf5 51. Nxe3+
Bxe3 52. Rxe3 Rg4+ 53. Kf3 Rxg5 54. Rb3 h5 55. Rb6 Rg4 56. Rc6
e4+ 57. Kf2 h4 58. Rc7 Rg3 59. Rh7 g5 60. Rh6 e3+ 61. Ke2 h3
62. Rh7 Kf4 63. Rf7+ Kg4 64. Rh7 Rg2+ 65. Kxe3 Kg3 66. Rh5 g4
67. Ra5 h2 68. Ra3 h1=Q 69. Ke4+ Kh4 0-1

[Event "New Zealand Open"]
[Site "Devonport, Auckland NZL"]
[Date "2016.01.05"]
[EventDate "2016.01.02"]
[Round "4.23"]
[Result "1/2-1/2"]
[White "Daniel Hanwen Gong"]
[Black "Leighton Nicholls"]
[WhiteElo "2055"]
[BlackElo "1910"]
[PlyCount "126"]

1. e4 e5 2. Nf3 Nc6 3. Bb5 a6 4. Ba4 Nf6 5. O-O Be7 6. Re1 b5
7. Bb3 d6 8. c3 O-O 9. h3 Na5 10. Bc2 c5 11. d4 cxd4 12. cxd4
Qc7 13. Nbd2 Bd7 14. Nb3 Nc4 15. Nbd2 Rfc8 16. Nxc4 bxc4
17. Bd2 exd4 18. Nxd4 Rab8 19. Bc3 d5 20. exd5 Nxd5 21. Bxh7+
Kxh7 22. Qh5+ Kg8 23. Qxd5 Bf6 24. Rad1 Rb6 25. Nf5 Be6
26. Qa5 Rb5 27. Qxc7 Rxc7 28. Nd6 Rb8 29. Bxf6 gxf6 30. Rd2 c3
31. bxc3 Rxc3 32. Ne4 Ra3 33. Nxf6+ Kg7 34. Nh5+ Kh6 35. Ng3
Bxa2 36. Nf5+ Kg6 37. Re3 Rxe3 38. Nxe3 Be6 39. f4 Rb4 40. Rf2
f5 41. g4 Rd4 42. h4 a5 43. h5+ Kh6 44. g5+ Kxh5 45. Rh2+ Kg6
46. Rh6+ Kf7 47. Rf6+ Ke7 48. Nxf5+ Bxf5 49. Rxf5 a4 50. Kf2
a3 51. Kf3 Ra4 52. Re5+ Kf7 53. Re1 a2 54. Ra1 Kg6 55. Kg4 Ra5
56. Kh4 Ra4 57. Kg4 Ra5 58. Kg3 Kf5 59. Kh4 Ra4 60. Kh5 Ra6
61. g6 Rxg6 62. Rxa2 Rg1 63. Ra5+ Kxf4 1/2-1/2

[Event "New Zealand Open"]
[Site "Devonport, Auckland NZL"]
[Date "2016.01.05"]
[EventDate "2016.01.02"]
[Round "4.24"]
[Result "1-0"]
[White "Edward Rains"]
[Black "L Ross Jackson"]
[WhiteElo "2016"]
[BlackElo "1884"]
[PlyCount "45"]

1. e4 Nf6 2. e5 Nd5 3. d4 d6 4. c4 Nb6 5. exd6 exd6 6. Bd3 Nc6
7. Nf3 Bg4 8. Be3 Qf6 9. Nbd2 h6 10. O-O Bxf3 11. Nxf3 O-O-O
12. Rb1 Nb4 13. Be2 d5 14. a3 Nc6 15. c5 Nd7 16. b4 g5 17. b5
Ne7 18. Qa4 Kb8 19. Ne5 Nxe5 20. dxe5 Qe6 21. b6 cxb6 22. cxb6
axb6 23. Bxb6 1-0

[Event "New Zealand Open"]
[Site "Devonport, Auckland NZL"]
[Date "2016.01.05"]
[EventDate "2016.01.02"]
[Round "4.25"]
[Result "1/2-1/2"]
[White "Roger L Perry"]
[Black "Joy Shu Yan Qin"]
[WhiteElo "2005"]
[BlackElo "1685"]
[PlyCount "126"]

1. e4 e6 2. d4 d5 3. e5 c5 4. c3 Bd7 5. Nf3 a6 6. dxc5 Bxc5
7. b4 Ba7 8. a4 f6 9. Bd3 Nc6 10. Qe2 fxe5 11. Nxe5 Nf6
12. O-O Nxe5 13. Qxe5 O-O 14. Qe2 Qc7 15. Be3 Bxe3 16. Qxe3 e5
17. Nd2 Ng4 18. Qg3 Rac8 19. c4 dxc4 20. Bxc4+ Kh8 21. h3 Nf6
22. Qe3 Bc6 23. b5 axb5 24. axb5 Bd7 25. Ra7 Rfe8 26. b6 Qc6
27. Rb1 Nd5 28. Qe4 Nxb6 29. Qxc6 Rxc6 30. Bb5 Rd6 31. Bxd7
Rxd7 32. Rxb6 Rxd2 33. Rbxb7 Rg8 34. Re7 Rd5 35. Rf7 h6
36. Rae7 Kh7 37. Rf5 Kg6 38. Rfxe5 Rxe5 39. Rxe5 Rf8 40. g4
Rf4 41. Kg2 Kf6 42. Ra5 Rc4 43. Kg3 Rc3+ 44. f3 g5 45. Rf5+
Kg6 46. h4 Rb3 47. h5+ Kg7 48. Rd5 Ra3 49. Rd7+ Kg8 50. Kf2
Rb3 51. Ke2 Ra3 52. Rd3 Ra4 53. Ke3 Rf4 54. Rd7 Rf6 55. Rd4
Kg7 56. Rd7+ Kg8 57. Rd5 Rf4 58. Rf5 Rb4 59. Re5 Rf4 60. Re4
Rf6 61. f4 gxf4+ 62. Rxf4 Rxf4 63. Kxf4 Kf8 1/2-1/2

[Event "New Zealand Open"]
[Site "Devonport, Auckland NZL"]
[Date "2016.01.05"]
[EventDate "2016.01.02"]
[Round "4.26"]
[Result "1/2-1/2"]
[White "Richard Taylor"]
[Black "Leo Zhu"]
[WhiteElo "1888"]
[BlackElo "1989"]
[PlyCount "99"]

1. e4 c5 2. Nf3 e6 3. d4 cxd4 4. Nxd4 a6 5. Bd3 Bc5 6. Nb3 Ba7
7. O-O Nc6 8. Nc3 Nf6 9. Qf3 O-O 10. Be3 Bxe3 11. Qxe3 Qc7
12. h3 b5 13. f4 d6 14. Kh1 Bb7 15. Rae1 Nb4 16. Rc1 Nxd3
17. cxd3 Qd8 18. Nd4 Qb6 19. Nce2 Nd7 20. Qg3 Rac8 21. f5 Rxc1
22. Rxc1 e5 23. f6 Nxf6 24. Nf5 g6 25. Ne7+ Kg7 26. Nf5+ Kh8
27. Qh4 d5 28. Qh6 Rg8 29. Ne7 Re8 30. Nxd5 Nxd5 31. exd5 Bxd5
32. Nc3 Bb7 33. Rf1 Qe6 34. Qe3 Kg7 35. Kg1 Qc6 36. Qf2 f5
37. a3 Rd8 38. Qe2 Qc5+ 39. Kh2 Qd6 40. Re1 e4+ 41. Kh1 Qxd3
42. Qf2 Qd2 43. Re2 Qd4 44. Qh4 Qd6 45. Rd2 Qxd2 46. Qe7+ Kg8
47. Qe6+ Kf8 48. Qf6+ Ke8 49. Qe6+ Kf8 50. Qf6+ 1/2-1/2

[Event "New Zealand Open"]
[Site "Devonport, Auckland NZL"]
[Date "2016.01.05"]
[EventDate "2016.01.02"]
[Round "4.27"]
[Result "1-0"]
[White "Stanley Yee"]
[Black "Jasmine Haomo Zhang"]
[WhiteElo "1975"]
[BlackElo "1674"]
[PlyCount "75"]

1. e4 c5 2. Nf3 d6 3. d4 cxd4 4. Nxd4 Nf6 5. Nc3 a6 6. Be3 b5
7. a4 b4 8. Nd5 Nxe4 9. Nb5 Bb7 10. Nbc7+ Kd7 11. Nxa8 Bxa8
12. Nb6+ Ke8 13. Nxa8 Nd7 14. Qd5 Ndc5 15. Bxc5 Nxc5 16. Qc6+
Qd7 17. Nc7+ Kd8 18. Qxd7+ Kxd7 19. Nxa6 Nxa6 20. Bxa6 g6
21. Bc4 e6 22. f4 Bg7 23. O-O-O Ke7 24. g4 Bh6 25. g5 Bg7
26. Rhe1 Rc8 27. Ba6 Ra8 28. Bb5 Rd8 29. Re4 d5 30. Rxb4 Rb8
31. a5 Bf8 32. a6 Ra8 33. Ra4 Ra7 34. b4 Kd6 35. c4 Be7
36. c5+ Kc7 37. Be8 Bd8 38. b5 1-0

[Event "New Zealand Open"]
[Site "Devonport, Auckland NZL"]
[Date "2016.01.05"]
[EventDate "2016.01.02"]
[Round "4.28"]
[Result "1-0"]
[White "Michael Klyszcz"]
[Black "Alan Wolstencroft"]
[WhiteElo "1979"]
[BlackElo "1796"]
[PlyCount "67"]

1. e4 c5 2. Nf3 d6 3. Bb5+ Bd7 4. a4 Nf6 5. Qe2 Nc6 6. O-O g6
7. e5 dxe5 8. Nxe5 Nxe5 9. Qxe5 Bxb5 10. axb5 Qd5 11. Qc7 Bg7
12. Nc3 Qd7 13. Qxc5 a6 14. bxa6 bxa6 15. Re1 Ra7 16. Nb5 Rb7
17. Nd6+ Kf8 18. Nxb7 Qxb7 19. Ra3 Ne8 20. Rb3 Qd7 21. Rb8 Bd4
22. Qb4 Qa7 23. d3 Kg7 24. Be3 Bxe3 25. Rxe3 e6 26. Rb7 Qa8
27. Rxe6 Nf6 28. Qe7 Nh5 29. Qxf7+ Kh6 30. Qf3 Rf8 31. Qe3+
Nf4 32. Ree7 Kg5 33. h4+ Kf5 34. Re5+ 1-0

[Event "New Zealand Open"]
[Site "Devonport, Auckland NZL"]
[Date "2016.01.05"]
[EventDate "2016.01.02"]
[Round "4.29"]
[Result "1-0"]
[White "Caroline Yan"]
[Black "Philip I Hair"]
[WhiteElo "1672"]
[BlackElo "1932"]
[PlyCount "119"]

1. d4 Nf6 2. c4 d6 3. Nc3 c6 4. Nf3 Bg4 5. e3 Nbd7 6. Be2 e5
7. Nd2 Bxe2 8. Qxe2 Be7 9. O-O O-O 10. b3 Qa5 11. Bb2 Rfe8
12. Qd3 Bf8 13. Rfe1 a6 14. a4 d5 15. Na2 e4 16. Qc2 b5 17. c5
Qc7 18. axb5 axb5 19. h3 g6 20. Nb4 Bg7 21. Ra6 Rxa6 22. Nxa6
Qb7 23. Ra1 Ra8 24. Nb4 Ne8 25. Qb1 Nc7 26. Ra2 Nb8 27. Qa1
Nba6 28. Nxa6 Rxa6 29. b4 Qa7 30. Rxa6 Qxa6 31. Nb3 Qxa1+
32. Bxa1 Na6 33. Bc3 Kf8 34. Na5 Nb8 35. f3 f5 36. Be1 f4
37. fxe4 dxe4 38. Kf2 Ke8 39. Bc3 g5 40. Nb3 Nd7 41. Na5 Nb8
42. Nb7 Bf8 43. Bd2 Na6 44. exf4 gxf4 45. Bxf4 Nxb4 46. Ke3
Nc2+ 47. Kxe4 b4 48. Na5 Kd7 49. Nb3 Bg7 50. g4 Ke6 51. Kd3
Kd5 52. Kxc2 Kc4 53. Bd6 Bf6 54. Be5 Bxe5 55. dxe5 Kd5 56. Kd3
Kxe5 57. Kc4 Kf4 58. Nd4 Kg3 59. Nxc6 Kxh3 60. Ne5 1-0

[Event "New Zealand Open"]
[Site "Devonport, Auckland NZL"]
[Date "2016.01.05"]
[EventDate "2016.01.02"]
[Round "4.30"]
[Result "0-1"]
[White "Eva Lourenco"]
[Black "Christopher Benson"]
[WhiteElo "1306"]
[BlackElo "1920"]
[PlyCount "148"]

1. d4 f5 2. Nf3 Nf6 3. Bf4 g6 4. h3 Bg7 5. e3 O-O 6. Be2 d5
7. O-O Nbd7 8. c3 Ne4 9. Nbd2 Ndf6 10. Qc2 h6 11. Ne5 Kh7
12. f3 Nxd2 13. Qxd2 e6 14. Qe1 g5 15. Bh2 Bd7 16. f4 Ne4
17. fxg5 hxg5 18. Bd3 Nd6 19. Qe2 Be8 20. Qf2 Bb5 21. Qe2 Qe8
22. Rf2 Bxd3 23. Qxd3 Ne4 24. Rf3 Rf6 25. g4 Bh6 26. gxf5 Rxf5
27. Rxf5 exf5 28. Rf1 Qe6 29. Kg2 c6 30. Qe2 Rg8 31. Qh5 Rg7
32. Kh1 Kg8 33. Qe2 g4 34. hxg4 fxg4 35. Rg1 g3 36. Qf3 gxh2
37. Rxg7+ Bxg7 38. Qg2 Qh6 39. Ng4 Qh4 40. Nxh2 Qe1+ 41. Nf1
Nd2 42. Qxd2 Qxf1+ 43. Kh2 Qf3 44. Kg1 Bh6 45. Qg2+ Qxg2+
46. Kxg2 Bxe3 47. Kf1 Bc1 48. b3 Bb2 49. c4 dxc4 50. bxc4 Bxd4
51. Ke2 c5 52. Kd3 Kf7 53. Kc2 Ke7 54. Kb3 Kd7 55. Ka4 Kc6
56. Ka5 Bc3+ 57. Ka4 a6 58. Kb3 Be1 59. a4 b5 60. Kc2 bxa4
61. Kb2 Kb6 62. Kc2 Ka5 63. Kb1 Kb4 64. Ka2 a3 65. Kb1 Kb3
66. Kc1 a2 67. Kd1 a1=Q+ 68. Ke2 Kxc4 69. Kf1 Qb2 70. Kxe1 a5
71. Kd1 a4 72. Ke1 a3 73. Kd1 a2 74. Ke1 a1=R# 0-1

[Event "New Zealand Open"]
[Site "Devonport, Auckland NZL"]
[Date "2016.01.05"]
[EventDate "2016.01.02"]
[Round "4.31"]
[Result "0-1"]
[White "Hikaru Oka"]
[Black "P Wayne Power"]
[WhiteElo "1449"]
[BlackElo "1889"]
[PlyCount "90"]

1. e4 c5 2. Nf3 d6 3. Bb5+ Bd7 4. Bxd7+ Qxd7 5. c4 Nc6 6. d4
cxd4 7. Nxd4 Nf6 8. Nc3 g6 9. O-O Bg7 10. Nc2 O-O 11. Ne3 Rac8
12. Qe2 e6 13. Rd1 Qe7 14. Rb1 Rfd8 15. b3 Ne8 16. Bb2 a6
17. Na4 Bxb2 18. Qxb2 Qf6 19. Nb6 Qxb2 20. Rxb2 Rc7 21. Rbd2
Rb8 22. f4 Nf6 23. e5 dxe5 24. fxe5 Ne4 25. Rd7 Rxd7 26. Nxd7
Rd8 27. Nf6+ Nxf6 28. Rxd8+ Nxd8 29. exf6 Nc6 30. g4 Ne5
31. g5 Nf3+ 32. Kg2 Nxg5 33. Ng4 Ne4 34. Kf3 Nc3 35. a3 Nb1
36. Nh6+ Kf8 37. Ke4 Nd2+ 38. Ke5 Nxb3 39. Kd6 Nd2 40. Kc7
Nxc4 41. Kxb7 Nxa3 42. Kxa6 Nc4 43. Ng4 Nd6 44. Kb6 h5 45. Ne5
Ne4 0-1

[Event "New Zealand Open"]
[Site "Devonport, Auckland NZL"]
[Date "2016.01.05"]
[EventDate "2016.01.02"]
[Round "4.32"]
[Result "1-0"]
[White "Allen Chi Zhou Fan"]
[Black "Vyanla M Punsalan"]
[WhiteElo "1825"]
[BlackElo "1356"]
[PlyCount "45"]

1. Nf3 d5 2. c4 c6 3. d4 Nf6 4. Nc3 e6 5. b3 Nbd7 6. Bb2 b6
7. Rc1 Bd6 8. e3 O-O 9. Bd3 Qc7 10. cxd5 exd5 11. O-O Re8
12. Nb5 Qb8 13. Rxc6 Bb7 14. Rxd6 a6 15. Rxd7 Nxd7 16. Nc3 Nf6
17. Ne5 Ne4 18. Nxe4 dxe4 19. Bc4 Rd8 20. Bxf7+ Kh8 21. Qh5 h6
22. Ng6+ Kh7 23. Qf5 1-0